2019/20 Tottenham Hotspur Squad - Statistics

General Stats
  • This quiz has been taken 114 times
  • The average score is 19 of 24
Answer Stats
Hint Answer % Correct
Goalkeeper (French) Hugo Lloris
99%
Center Forward (English) Harry Kane
98%
Defender (Colombian) Davinson Sanchez
96%
Left Winger (South Korean) Hueng Min Son
96%
Defensive Mid (English) Eric Dier
94%
Right Winger (Brazilian) Lucas Moura
94%
Attacking Mid (Danish) Christian Eriksen
91%
Defender (Belgian) Jan Vertonghen
90%
Defender (Welsh) Ben Davies
89%
Attacking Mid (English) Dele Alli
86%
Defender (Ivorian) Serge Aurier
84%
Defensive Mid (Kenyan) Victor Wanyama
84%
Defender (English) Danny Rose
81%
Right Winger (Argentine) Erik Lamela
79%
Central Mid (French) Moussa Sissoko
79%
Central Mid (English) Harry Winks
78%
Defender (Belgian) Toby Alderweireld
77%
Central Mid (Argentine) Giovanni Lo Celso
74%
Goalkeeper (Argentine) Paulo Gazzaniga
74%
Central Mid (French) Tanguy Ndombele
71%
Defender (Argentine) Juan Foyth
63%
Defensive Mid (English) Oliver Skipp
47%
Defender (English) Kyle Walker-Peters
38%
Left Mid (English) Ryan Sessengnon
4%
No matching quizzes found
Score Distribution
Percent of People with Each Score
Percentile by Number Answered
Your Score History
You have not taken this quiz